=LDR 00000nam 2200000 4500 =001 INLIS000000000029069 =005 20130612131330 =008 ***********************************Ind** =035 ##$$0010-061300000029069 =041 ##$$a Ind =082 ##$$a 2x4.3 =090 ##$$a 2x4.3, Bad m =100 ##$$a Baduwailan, Ahmad Salim =245 ##$$a Malam pertama, setelah itu air mata, Ahmad Salim Baduwailan =260 ##$$a 2007 $b Surabaya =300 ##$$a 460 hlm, 24 cm =650 ##$$a Perkawinan (islam) =850 ##$$a NBPNMAT